| 000 | 01023nam0a22002771 4500 | ||
|---|---|---|---|
| 001 | rc\1120753 | ||
| 005 | 20250622184238.0 | ||
| 035 | _a(NLR Aleph) 006363774 | ||
| 090 |
_a4930158 _c4930158 |
||
| 100 | _a20041126d1981 |||y0rusy50 ca | ||
| 101 | 0 | _arus | |
| 102 | _aRU | ||
| 105 | _aa ||||||||| | ||
| 200 | 1 |
_aЯдерное поглощение остановившихся антипротонов: мультипион-ядерные взаимодействия _fА.С. Ильинов, В.И. Назарук, С.Е. Чигринов |
|
| 210 |
_aМ. _cИЯИ _d1981 |
||
| 215 |
_a23 с. _cграф. _d30 |
||
| 225 | 1 |
_aАН СССР, Институт ядерных исследований _vП-0216 |
|
| 320 | _aБиблиогр.: с. 22-23 | ||
| 700 | 1 |
_aИльинов _bА.С. _gАлександр Сергеевич |
|
| 701 | 1 |
_aНазарук _bВ.И. |
|
| 701 | 1 |
_aЧигринов _bС.Е. |
|
| 801 | 0 |
_aRU _bNLR _gpsbo |
|
| 801 | 1 |
_aRU _bELAR _2rusmarc |
|
| 852 |
_aNLR _j82-8/349 |
||
| 942 | _cBOOK | ||
| 980 | _aNB | ||